<?xml version="1.0" encoding="UTF-8"?>
<record
    xmlns:xsi="http://www.w3.org/2001/XMLSchema-instance"
    xsi:schemaLocation="http://www.loc.gov/MARC21/slim http://www.loc.gov/standards/marcxml/schema/MARC21slim.xsd"
    xmlns="http://www.loc.gov/MARC21/slim">

  <leader>01938nam a2200349 a 4500</leader>
  <controlfield tag="001">38939</controlfield>
  <controlfield tag="003">BD-RjUL</controlfield>
  <controlfield tag="005">20211209052903.0</controlfield>
  <controlfield tag="008">160323m20121987ii ||||| |||| 00| 0 ben d</controlfield>
  <datafield tag="020" ind1=" " ind2=" ">
    <subfield code="a">8172152744 (V-1)</subfield>
    <subfield code="c">: IRs. 250.00 </subfield>
  </datafield>
  <datafield tag="020" ind1=" " ind2=" ">
    <subfield code="a">8170662397 (V-2)</subfield>
    <subfield code="c">: IRs. 250.00 </subfield>
  </datafield>
  <datafield tag="020" ind1=" " ind2=" ">
    <subfield code="a">8170660300 (V-3)</subfield>
    <subfield code="c">: IRs. 250.00 </subfield>
  </datafield>
  <datafield tag="020" ind1=" " ind2=" ">
    <subfield code="a">8170661129 (V-4)</subfield>
    <subfield code="c">: IRs. 250.00 </subfield>
  </datafield>
  <datafield tag="020" ind1=" " ind2=" ">
    <subfield code="a">8170662796 (V-5)</subfield>
    <subfield code="c">: IRs. 350.00 </subfield>
  </datafield>
  <datafield tag="020" ind1=" " ind2=" ">
    <subfield code="a">8172151519 (V-6)</subfield>
    <subfield code="c">: IRs. 350.00 </subfield>
  </datafield>
  <datafield tag="020" ind1=" " ind2=" ">
    <subfield code="a">8172156049 (V-7)</subfield>
    <subfield code="c">: IRs. 300.00 </subfield>
  </datafield>
  <datafield tag="020" ind1=" " ind2=" ">
    <subfield code="a">8177561413 (V-8)</subfield>
    <subfield code="c">: IRs. 250.00 </subfield>
  </datafield>
  <datafield tag="020" ind1=" " ind2=" ">
    <subfield code="a">8177563440 (V-9)</subfield>
    <subfield code="c">: IRs. 250.00 </subfield>
  </datafield>
  <datafield tag="035" ind1=" " ind2=" ">
    <subfield code="a">(BD-RjUL) 39049</subfield>
  </datafield>
  <datafield tag="040" ind1=" " ind2=" ">
    <subfield code="a">BD-RjUL</subfield>
    <subfield code="b">ben</subfield>
    <subfield code="c">BD-RjUL</subfield>
  </datafield>
  <datafield tag="041" ind1=" " ind2=" ">
    <subfield code="a">ben</subfield>
  </datafield>
  <datafield tag="082" ind1=" " ind2=" ">
    <subfield code="2">23</subfield>
    <subfield code="b">PAR 1987-2012</subfield>
    <subfield code="a">891.441092</subfield>
  </datafield>
  <datafield tag="100" ind1=" " ind2=" ">
    <subfield code="a">&#x9AA;&#x9BE;&#x9B2;, &#x9AA;&#x9CD;&#x9B0;&#x9B6;&#x9BE;&#x9A8;&#x9CD;&#x9A4;&#x995;&#x9C1;&#x9AE;&#x9BE;&#x9B0;</subfield>
    <subfield code="9">120211</subfield>
  </datafield>
  <datafield tag="245" ind1="1" ind2="0">
    <subfield code="a">&#x9B0;&#x9AC;&#x9BF;&#x99C;&#x9C0;&#x9AC;&#x9A8;&#x9C0; /</subfield>
    <subfield code="c">&#x9AA;&#x9CD;&#x9B0;&#x9B6;&#x9BE;&#x9A8;&#x9CD;&#x9A4; &#x995;&#x9C1;&#x9AE;&#x9BE;&#x9B0; &#x9AA;&#x9BE;&#x9B2;</subfield>
  </datafield>
  <datafield tag="260" ind1=" " ind2=" ">
    <subfield code="a">&#x995;&#x9B2;&#x995;&#x9BE;&#x9A4;&#x9BE; : </subfield>
    <subfield code="b">&#x986;&#x9A8;&#x9A8;&#x9CD;&#x9A6; &#x9AA;&#x9BE;&#x9AC;&#x9B2;&#x9BF;&#x9B6;&#x9BE;&#x9B0;&#x9CD;&#x9B8;,</subfield>
    <subfield code="c">&#x9E7;&#x9EF;&#x9EE;&#x9ED;-&#x9E8;&#x9E6;&#x9E7;&#x9E8;</subfield>
  </datafield>
  <datafield tag="300" ind1=" " ind2=" ">
    <subfield code="a"> &#x996;&#x9A3;&#x9CD;&#x9A1; ;</subfield>
    <subfield code="c">&#x9E8;&#x9EA; &#x9B8;&#x9C7;&#x9AE;&#x9BF;.</subfield>
  </datafield>
  <datafield tag="504" ind1=" " ind2=" ">
    <subfield code="a">&#x989;&#x9B2;&#x9CD;&#x9B2;&#x9C7;&#x996;&#x9AA;&#x99E;&#x9CD;&#x99C;&#x9BF; &#x993; &#x9A8;&#x9BF;&#x9B0;&#x9CD;&#x9A6;&#x9C7;&#x9B6;&#x9BF;&#x995;&#x9BE; &#x9B8;&#x982;&#x9AF;&#x9C1;&#x995;&#x9CD;&#x9A4;</subfield>
  </datafield>
  <datafield tag="505" ind1="0" ind2=" ">
    <subfield code="a">&#x996;&#x9A3;&#x9CD;&#x9A1; &#x9E7;, &#x9E7;&#x9E8;&#x9EC;&#x9EE;-&#x9E7;&#x9E8;&#x9EE;&#x9EA; = 1861-1878 -- &#x996;&#x9A3;&#x9CD;&#x9A1; &#x9E8;, &#x9E7;&#x9E8;&#x9EE;&#x9EB;-&#x9E7;&#x9E8;&#x9EF;&#x9EB;   -- &#x996;&#x9A3;&#x9CD;&#x9A1; &#x9E9;, &#x9E7;&#x9E8;&#x9EF;&#x9E8;-&#x9E7;&#x9E9;&#x9E6;&#x9E6; -- &#x996;&#x9A3;&#x9CD;&#x9A1; &#x9EA;, &#x9E7;&#x9E9;&#x9E6;&#x9E7;-&#x9E7;&#x9E9;&#x9E6;&#x9ED; -- &#x996;&#x9A3;&#x9CD;&#x9A1; &#x9EB;, &#x9E7;&#x9E9;&#x9E6;&#x9EE;-&#x9E7;&#x9E9;&#x9E7;&#x9EA; -- &#x996;&#x9A3;&#x9CD;&#x9A1; &#x9EC;, &#x9E7;&#x9E9;&#x9E7;&#x9EB;-&#x9E7;&#x9E9;&#x9E8;&#x9E6; =1908-1914 -- &#x996;&#x9A3;&#x9CD;&#x9A1; &#x9ED;, &#x9E7;&#x9E9;&#x9E8;&#x9E7;-&#x9E7;&#x9E9;&#x9E8;&#x9EC; =1914-1920  &#x996;&#x9A3;&#x9CD;&#x9A1; &#x9EE;, &#x9E7;&#x9E9;&#x9E8;&#x9ED;-&#x9E7;&#x9E9;&#x9E8;&#x9EF; = &#x9E7;&#x9EF;&#x9E8;&#x9E6;-&#x9E7;&#x9EF;&#x9E8;&#x9E9; -- &#x996;&#x9A3;&#x9CD;&#x9A1; &#x9EF;, &#x9E7;&#x9E9;&#x9E9;&#x9E6;-&#x9E7;&#x9E9;&#x9E9;&#x9E8; = &#x9E7;&#x9EF;&#x9E8;&#x9E9;-&#x9E7;&#x9EF;&#x9E8;&#x9EC;--</subfield>
  </datafield>
  <datafield tag="600" ind1=" " ind2=" ">
    <subfield code="a">&#x9A0;&#x9BE;&#x995;&#x9C1;&#x9B0;, &#x9B0;&#x9AC;&#x9C0;&#x9A8;&#x9CD;&#x9A6;&#x9CD;&#x9B0;&#x9A8;&#x9BE;&#x9A5;</subfield>
    <subfield code="d">&#x9E7;&#x9EE;&#x9EC;&#x9E7;-&#x9E7;&#x9EF;&#x9EA;&#x9E7;</subfield>
    <subfield code="x">&#x99C;&#x9C0;&#x9AC;&#x9A8;&#x9C0;</subfield>
    <subfield code="9">192194</subfield>
  </datafield>
  <datafield tag="600" ind1=" " ind2=" ">
    <subfield code="a">Tagore, Rabindranath</subfield>
    <subfield code="d">1861-1941</subfield>
    <subfield code="x">Biography</subfield>
    <subfield code="9">192195</subfield>
  </datafield>
  <datafield tag="942" ind1=" " ind2=" ">
    <subfield code="2">ddc</subfield>
    <subfield code="c">BK</subfield>
    <subfield code="0">1</subfield>
  </datafield>
  <datafield tag="999" ind1=" " ind2=" ">
    <subfield code="c">38939</subfield>
    <subfield code="d">38939</subfield>
  </datafield>
  <datafield tag="952" ind1=" " ind2=" ">
    <subfield code="0">0</subfield>
    <subfield code="1">0</subfield>
    <subfield code="2">ddc</subfield>
    <subfield code="4">0</subfield>
    <subfield code="7">1</subfield>
    <subfield code="8">NFIC</subfield>
    <subfield code="a">RUCL</subfield>
    <subfield code="b">RUCL</subfield>
    <subfield code="c">Reading</subfield>
    <subfield code="d">2015-06-28</subfield>
    <subfield code="e">Batighar, Chittgong</subfield>
    <subfield code="g">611.11</subfield>
    <subfield code="l">0</subfield>
    <subfield code="o">B 891.441092 PAR V-9 2012</subfield>
    <subfield code="r">2016-03-23 00:00:00</subfield>
    <subfield code="t">C-3</subfield>
    <subfield code="w">2021-12-09</subfield>
    <subfield code="y">BK</subfield>
  </datafield>
  <datafield tag="952" ind1=" " ind2=" ">
    <subfield code="0">0</subfield>
    <subfield code="1">0</subfield>
    <subfield code="2">ddc</subfield>
    <subfield code="4">0</subfield>
    <subfield code="7">0</subfield>
    <subfield code="8">NFIC</subfield>
    <subfield code="a">RUCL</subfield>
    <subfield code="b">RUCL</subfield>
    <subfield code="c">Stack</subfield>
    <subfield code="d">2015-06-28</subfield>
    <subfield code="e">Batighar, Chittagong</subfield>
    <subfield code="g">611.11</subfield>
    <subfield code="l">0</subfield>
    <subfield code="o">B 891.441092 PAR V-8 2012</subfield>
    <subfield code="r">2016-03-23 00:00:00</subfield>
    <subfield code="t">C-2</subfield>
    <subfield code="w">2021-12-09</subfield>
    <subfield code="y">BK</subfield>
  </datafield>
  <datafield tag="952" ind1=" " ind2=" ">
    <subfield code="0">0</subfield>
    <subfield code="1">0</subfield>
    <subfield code="2">ddc</subfield>
    <subfield code="4">0</subfield>
    <subfield code="7">1</subfield>
    <subfield code="8">NFIC</subfield>
    <subfield code="a">RUCL</subfield>
    <subfield code="b">RUCL</subfield>
    <subfield code="c">Reading</subfield>
    <subfield code="d">2014-06-28</subfield>
    <subfield code="e">Batighar, Chittagong</subfield>
    <subfield code="g">611.11</subfield>
    <subfield code="l">0</subfield>
    <subfield code="o">B 891.441092 PAR V-1 2011</subfield>
    <subfield code="r">2016-04-19 00:00:00</subfield>
    <subfield code="t">C-1</subfield>
    <subfield code="w">2021-12-09</subfield>
    <subfield code="y">BK</subfield>
  </datafield>
  <datafield tag="952" ind1=" " ind2=" ">
    <subfield code="0">0</subfield>
    <subfield code="1">0</subfield>
    <subfield code="2">ddc</subfield>
    <subfield code="4">0</subfield>
    <subfield code="7">1</subfield>
    <subfield code="8">NFIC</subfield>
    <subfield code="a">RUCL</subfield>
    <subfield code="b">RUCL</subfield>
    <subfield code="c">Reading</subfield>
    <subfield code="d">2015-06-28</subfield>
    <subfield code="e">Batighar, Chittagong</subfield>
    <subfield code="g">611.11</subfield>
    <subfield code="l">0</subfield>
    <subfield code="o">B 891.441092 PAR V-2 2011</subfield>
    <subfield code="r">2016-04-19 00:00:00</subfield>
    <subfield code="t">C-1</subfield>
    <subfield code="w">2021-12-09</subfield>
    <subfield code="y">BK</subfield>
  </datafield>
  <datafield tag="952" ind1=" " ind2=" ">
    <subfield code="0">0</subfield>
    <subfield code="1">0</subfield>
    <subfield code="2">ddc</subfield>
    <subfield code="4">0</subfield>
    <subfield code="7">1</subfield>
    <subfield code="8">NFIC</subfield>
    <subfield code="a">RUCL</subfield>
    <subfield code="b">RUCL</subfield>
    <subfield code="c">Reading</subfield>
    <subfield code="d">2015-06-28</subfield>
    <subfield code="e">Batighar, Chittagong</subfield>
    <subfield code="g">611.11</subfield>
    <subfield code="l">0</subfield>
    <subfield code="o">B 891.441092 PAR V-3 2010</subfield>
    <subfield code="r">2016-04-19 00:00:00</subfield>
    <subfield code="t">C-1</subfield>
    <subfield code="w">2021-12-09</subfield>
    <subfield code="y">BK</subfield>
  </datafield>
  <datafield tag="952" ind1=" " ind2=" ">
    <subfield code="0">0</subfield>
    <subfield code="1">0</subfield>
    <subfield code="2">ddc</subfield>
    <subfield code="4">0</subfield>
    <subfield code="7">1</subfield>
    <subfield code="8">NFIC</subfield>
    <subfield code="a">RUCL</subfield>
    <subfield code="b">RUCL</subfield>
    <subfield code="c">Reading</subfield>
    <subfield code="d">2015-06-28</subfield>
    <subfield code="e">Batighar, Chittagong</subfield>
    <subfield code="g">611.11</subfield>
    <subfield code="l">0</subfield>
    <subfield code="o">B 891.441092 PAR V-4 2011</subfield>
    <subfield code="r">2016-04-19 00:00:00</subfield>
    <subfield code="t">C-1</subfield>
    <subfield code="w">2021-12-09</subfield>
    <subfield code="y">BK</subfield>
  </datafield>
  <datafield tag="952" ind1=" " ind2=" ">
    <subfield code="0">0</subfield>
    <subfield code="1">0</subfield>
    <subfield code="2">ddc</subfield>
    <subfield code="4">0</subfield>
    <subfield code="7">1</subfield>
    <subfield code="8">NFIC</subfield>
    <subfield code="a">RUCL</subfield>
    <subfield code="b">RUCL</subfield>
    <subfield code="c">Reading</subfield>
    <subfield code="d">2015-06-28</subfield>
    <subfield code="e">Batighar, Chittagong</subfield>
    <subfield code="g">611.11</subfield>
    <subfield code="l">0</subfield>
    <subfield code="o">B 891.441092 PAR V-5 2011</subfield>
    <subfield code="r">2016-04-19 00:00:00</subfield>
    <subfield code="t">C-1</subfield>
    <subfield code="w">2021-12-09</subfield>
    <subfield code="y">BK</subfield>
  </datafield>
  <datafield tag="952" ind1=" " ind2=" ">
    <subfield code="0">0</subfield>
    <subfield code="1">0</subfield>
    <subfield code="2">ddc</subfield>
    <subfield code="4">0</subfield>
    <subfield code="7">0</subfield>
    <subfield code="8">NFIC</subfield>
    <subfield code="a">RUCL</subfield>
    <subfield code="b">RUCL</subfield>
    <subfield code="c">Stack</subfield>
    <subfield code="d">2013-07-09</subfield>
    <subfield code="e">Space Marketing Com.,Dhaka</subfield>
    <subfield code="g">555.50</subfield>
    <subfield code="l">0</subfield>
    <subfield code="o">B 891.441092 PAR V-5 2011</subfield>
    <subfield code="r">2016-04-19 00:00:00</subfield>
    <subfield code="t">C-2</subfield>
    <subfield code="w">2021-12-09</subfield>
    <subfield code="y">BK</subfield>
  </datafield>
  <datafield tag="952" ind1=" " ind2=" ">
    <subfield code="0">0</subfield>
    <subfield code="1">0</subfield>
    <subfield code="2">ddc</subfield>
    <subfield code="4">0</subfield>
    <subfield code="7">1</subfield>
    <subfield code="8">NFIC</subfield>
    <subfield code="a">RUCL</subfield>
    <subfield code="b">RUCL</subfield>
    <subfield code="c">Reading</subfield>
    <subfield code="d">2013-07-09</subfield>
    <subfield code="e">Space Marketing Com.,Dhaka</subfield>
    <subfield code="g">555.50</subfield>
    <subfield code="l">0</subfield>
    <subfield code="o">B 891.441092 PAR V-6 2010</subfield>
    <subfield code="r">2016-04-19 00:00:00</subfield>
    <subfield code="t">C-1</subfield>
    <subfield code="w">2021-12-09</subfield>
    <subfield code="y">BK</subfield>
  </datafield>
  <datafield tag="952" ind1=" " ind2=" ">
    <subfield code="0">0</subfield>
    <subfield code="1">0</subfield>
    <subfield code="2">ddc</subfield>
    <subfield code="4">0</subfield>
    <subfield code="7">1</subfield>
    <subfield code="8">NFIC</subfield>
    <subfield code="a">RUCL</subfield>
    <subfield code="b">RUCL</subfield>
    <subfield code="c">Stack</subfield>
    <subfield code="d">2015-06-28</subfield>
    <subfield code="e">Batighar, Chittagong</subfield>
    <subfield code="g">611.11</subfield>
    <subfield code="l">0</subfield>
    <subfield code="o">B 891.441092 PAR V-6 2012</subfield>
    <subfield code="r">2016-04-19 00:00:00</subfield>
    <subfield code="t">C-1</subfield>
    <subfield code="w">2021-12-09</subfield>
    <subfield code="y">BK</subfield>
  </datafield>
  <datafield tag="952" ind1=" " ind2=" ">
    <subfield code="0">0</subfield>
    <subfield code="1">0</subfield>
    <subfield code="2">ddc</subfield>
    <subfield code="4">0</subfield>
    <subfield code="7">1</subfield>
    <subfield code="8">NFIC</subfield>
    <subfield code="a">RUCL</subfield>
    <subfield code="b">RUCL</subfield>
    <subfield code="c">Reading</subfield>
    <subfield code="d">2015-06-28</subfield>
    <subfield code="e">Batighar, Chittagong</subfield>
    <subfield code="g">611.11</subfield>
    <subfield code="l">0</subfield>
    <subfield code="o">B 891.441092 PAR V-7 2010</subfield>
    <subfield code="r">2016-04-19 00:00:00</subfield>
    <subfield code="t">C-1</subfield>
    <subfield code="w">2021-12-09</subfield>
    <subfield code="y">BK</subfield>
  </datafield>
  <datafield tag="952" ind1=" " ind2=" ">
    <subfield code="0">0</subfield>
    <subfield code="1">0</subfield>
    <subfield code="2">ddc</subfield>
    <subfield code="4">0</subfield>
    <subfield code="7">0</subfield>
    <subfield code="8">NFIC</subfield>
    <subfield code="a">RUCL</subfield>
    <subfield code="b">RUCL</subfield>
    <subfield code="c">Stack</subfield>
    <subfield code="d">2013-07-09</subfield>
    <subfield code="e">Space Marketing Com.,Dhaka</subfield>
    <subfield code="g">555.50</subfield>
    <subfield code="l">0</subfield>
    <subfield code="o">B 891.441092 PRR V-7 2010</subfield>
    <subfield code="r">2016-04-19 00:00:00</subfield>
    <subfield code="t">C-2</subfield>
    <subfield code="w">2021-12-09</subfield>
    <subfield code="y">BK</subfield>
  </datafield>
  <datafield tag="952" ind1=" " ind2=" ">
    <subfield code="0">0</subfield>
    <subfield code="1">0</subfield>
    <subfield code="2">ddc</subfield>
    <subfield code="4">0</subfield>
    <subfield code="7">0</subfield>
    <subfield code="8">NFIC</subfield>
    <subfield code="a">RUCL</subfield>
    <subfield code="b">RUCL</subfield>
    <subfield code="c">Stack</subfield>
    <subfield code="d">2013-07-06</subfield>
    <subfield code="e">Space Marketing Comm. , Dhaka</subfield>
    <subfield code="g">555.55</subfield>
    <subfield code="l">0</subfield>
    <subfield code="o">B 891.441092 PAR V-2 2011</subfield>
    <subfield code="r">2016-04-28 00:00:00</subfield>
    <subfield code="t">C-2</subfield>
    <subfield code="w">2021-12-09</subfield>
    <subfield code="y">BK</subfield>
  </datafield>
  <datafield tag="952" ind1=" " ind2=" ">
    <subfield code="0">0</subfield>
    <subfield code="1">0</subfield>
    <subfield code="2">ddc</subfield>
    <subfield code="4">0</subfield>
    <subfield code="7">0</subfield>
    <subfield code="8">NFIC</subfield>
    <subfield code="a">RUCL</subfield>
    <subfield code="b">RUCL</subfield>
    <subfield code="c">Stack</subfield>
    <subfield code="d">2013-07-09</subfield>
    <subfield code="e">Space Marketing Comm. , Dhaka</subfield>
    <subfield code="g">555.55</subfield>
    <subfield code="l">1</subfield>
    <subfield code="o">B 891.441092 PAR V-2 2011</subfield>
    <subfield code="r">2016-09-18 00:00:00</subfield>
    <subfield code="s">2016-09-06</subfield>
    <subfield code="t">C-3</subfield>
    <subfield code="w">2021-12-09</subfield>
    <subfield code="y">BK</subfield>
  </datafield>
  <datafield tag="952" ind1=" " ind2=" ">
    <subfield code="0">0</subfield>
    <subfield code="1">0</subfield>
    <subfield code="2">ddc</subfield>
    <subfield code="4">0</subfield>
    <subfield code="7">0</subfield>
    <subfield code="8">NFIC</subfield>
    <subfield code="a">RUCL</subfield>
    <subfield code="b">RUCL</subfield>
    <subfield code="c">Stack</subfield>
    <subfield code="d">2013-07-09</subfield>
    <subfield code="e">Space Marketing Comm. , Dhaka</subfield>
    <subfield code="g">555.55</subfield>
    <subfield code="l">0</subfield>
    <subfield code="o">B 891.441092 PAR V-3 2010</subfield>
    <subfield code="r">2016-04-28 00:00:00</subfield>
    <subfield code="t">C-2</subfield>
    <subfield code="w">2016-04-28</subfield>
    <subfield code="y">BK</subfield>
  </datafield>
  <datafield tag="952" ind1=" " ind2=" ">
    <subfield code="0">0</subfield>
    <subfield code="1">0</subfield>
    <subfield code="2">ddc</subfield>
    <subfield code="4">0</subfield>
    <subfield code="7">0</subfield>
    <subfield code="8">NFIC</subfield>
    <subfield code="a">RUCL</subfield>
    <subfield code="b">RUCL</subfield>
    <subfield code="c">Stack</subfield>
    <subfield code="d">2013-07-06</subfield>
    <subfield code="e">Space Marketing Comm. , Dhaka</subfield>
    <subfield code="g">555.55</subfield>
    <subfield code="l">2</subfield>
    <subfield code="o">B 891.441092 PAR V-3 2010</subfield>
    <subfield code="r">2020-01-14 00:00:00</subfield>
    <subfield code="s">2019-12-19</subfield>
    <subfield code="t">C-3</subfield>
    <subfield code="w">2016-04-28</subfield>
    <subfield code="y">BK</subfield>
  </datafield>
  <datafield tag="952" ind1=" " ind2=" ">
    <subfield code="0">0</subfield>
    <subfield code="1">0</subfield>
    <subfield code="2">ddc</subfield>
    <subfield code="4">0</subfield>
    <subfield code="7">0</subfield>
    <subfield code="8">NFIC</subfield>
    <subfield code="a">RUCL</subfield>
    <subfield code="b">RUCL</subfield>
    <subfield code="c">Stack</subfield>
    <subfield code="d">2013-07-09</subfield>
    <subfield code="e">Space Marketing Comm. , Dhaka</subfield>
    <subfield code="g">555.55</subfield>
    <subfield code="l">0</subfield>
    <subfield code="o">B 891.441092 PAR V-4 2011</subfield>
    <subfield code="r">2016-04-28 00:00:00</subfield>
    <subfield code="t">C-2</subfield>
    <subfield code="w">2016-04-28</subfield>
    <subfield code="y">BK</subfield>
  </datafield>
  <datafield tag="952" ind1=" " ind2=" ">
    <subfield code="0">0</subfield>
    <subfield code="1">0</subfield>
    <subfield code="2">ddc</subfield>
    <subfield code="4">0</subfield>
    <subfield code="7">0</subfield>
    <subfield code="8">NFIC</subfield>
    <subfield code="a">RUCL</subfield>
    <subfield code="b">RUCL</subfield>
    <subfield code="c">Stack</subfield>
    <subfield code="d">2013-07-06</subfield>
    <subfield code="e">Space Marketing Comm. , Dhaka</subfield>
    <subfield code="g">555.55</subfield>
    <subfield code="l">0</subfield>
    <subfield code="o">B 891.441092 PAR V-4 2011</subfield>
    <subfield code="r">2016-04-28 00:00:00</subfield>
    <subfield code="t">C-3</subfield>
    <subfield code="w">2016-04-28</subfield>
    <subfield code="y">BK</subfield>
  </datafield>
  <datafield tag="952" ind1=" " ind2=" ">
    <subfield code="0">0</subfield>
    <subfield code="1">0</subfield>
    <subfield code="2">ddc</subfield>
    <subfield code="4">0</subfield>
    <subfield code="7">0</subfield>
    <subfield code="8">NFIC</subfield>
    <subfield code="a">RUCL</subfield>
    <subfield code="b">RUCL</subfield>
    <subfield code="c">Stack</subfield>
    <subfield code="d">2013-07-06</subfield>
    <subfield code="e">Space Marketing Comm. , Dhaka</subfield>
    <subfield code="g">555.55</subfield>
    <subfield code="l">0</subfield>
    <subfield code="o">B 891.441092 PAR V-5 2011</subfield>
    <subfield code="r">2016-04-28 00:00:00</subfield>
    <subfield code="t">C-3</subfield>
    <subfield code="w">2016-04-28</subfield>
    <subfield code="y">BK</subfield>
  </datafield>
  <datafield tag="952" ind1=" " ind2=" ">
    <subfield code="0">0</subfield>
    <subfield code="1">0</subfield>
    <subfield code="2">ddc</subfield>
    <subfield code="4">0</subfield>
    <subfield code="7">0</subfield>
    <subfield code="8">NFIC</subfield>
    <subfield code="a">RUCL</subfield>
    <subfield code="b">RUCL</subfield>
    <subfield code="c">Stack</subfield>
    <subfield code="d">2013-07-06</subfield>
    <subfield code="e">Space Marketing Comm. , Dhaka</subfield>
    <subfield code="g">555.55</subfield>
    <subfield code="l">0</subfield>
    <subfield code="o">B 891.441092 PAR V-6 2012</subfield>
    <subfield code="r">2016-04-28 00:00:00</subfield>
    <subfield code="t">C-2</subfield>
    <subfield code="w">2016-04-28</subfield>
    <subfield code="y">BK</subfield>
  </datafield>
  <datafield tag="952" ind1=" " ind2=" ">
    <subfield code="0">0</subfield>
    <subfield code="1">0</subfield>
    <subfield code="2">ddc</subfield>
    <subfield code="4">0</subfield>
    <subfield code="7">0</subfield>
    <subfield code="8">NFIC</subfield>
    <subfield code="a">RUCL</subfield>
    <subfield code="b">RUCL</subfield>
    <subfield code="c">Stack</subfield>
    <subfield code="d">2013-07-07</subfield>
    <subfield code="e">Space Marketing Comm. , Dhaka</subfield>
    <subfield code="g">555.55</subfield>
    <subfield code="l">0</subfield>
    <subfield code="o">B 891.441092 PAR V-7 2010</subfield>
    <subfield code="r">2016-04-28 00:00:00</subfield>
    <subfield code="t">C-3</subfield>
    <subfield code="w">2016-04-28</subfield>
    <subfield code="y">BK</subfield>
  </datafield>
  <datafield tag="952" ind1=" " ind2=" ">
    <subfield code="0">0</subfield>
    <subfield code="1">0</subfield>
    <subfield code="2">ddc</subfield>
    <subfield code="4">0</subfield>
    <subfield code="7">1</subfield>
    <subfield code="8">NFIC</subfield>
    <subfield code="a">RUCL</subfield>
    <subfield code="b">RUCL</subfield>
    <subfield code="c">Reading</subfield>
    <subfield code="d">2013-07-09</subfield>
    <subfield code="e">Space Marketing Comm. , Dhaka</subfield>
    <subfield code="g">555.55</subfield>
    <subfield code="l">0</subfield>
    <subfield code="o">B 891.441092 PAR V-8 2011</subfield>
    <subfield code="r">2016-04-28 00:00:00</subfield>
    <subfield code="t">C-1</subfield>
    <subfield code="w">2016-04-28</subfield>
    <subfield code="y">BK</subfield>
  </datafield>
  <datafield tag="952" ind1=" " ind2=" ">
    <subfield code="0">0</subfield>
    <subfield code="1">0</subfield>
    <subfield code="2">ddc</subfield>
    <subfield code="4">0</subfield>
    <subfield code="7">1</subfield>
    <subfield code="8">NFIC</subfield>
    <subfield code="a">RUCL</subfield>
    <subfield code="b">RUCL</subfield>
    <subfield code="c">Reading</subfield>
    <subfield code="d">2013-07-07</subfield>
    <subfield code="e">Space Marketing Comm. , Dhaka</subfield>
    <subfield code="g">555.55</subfield>
    <subfield code="l">0</subfield>
    <subfield code="o">B 891.441092 PAR V-9 2012</subfield>
    <subfield code="r">2016-04-28 00:00:00</subfield>
    <subfield code="t">C-1</subfield>
    <subfield code="w">2016-04-28</subfield>
    <subfield code="y">BK</subfield>
  </datafield>
  <datafield tag="952" ind1=" " ind2=" ">
    <subfield code="0">0</subfield>
    <subfield code="1">0</subfield>
    <subfield code="2">ddc</subfield>
    <subfield code="4">0</subfield>
    <subfield code="7">0</subfield>
    <subfield code="8">NFIC</subfield>
    <subfield code="a">RUCL</subfield>
    <subfield code="b">RUCL</subfield>
    <subfield code="c">Reading</subfield>
    <subfield code="d">2013-07-09</subfield>
    <subfield code="e">Space Marketing Comm. , Dhaka</subfield>
    <subfield code="g">555.55</subfield>
    <subfield code="l">0</subfield>
    <subfield code="o">B 891.441092 PAR V-9 2012</subfield>
    <subfield code="r">2016-04-28 00:00:00</subfield>
    <subfield code="t">C-2</subfield>
    <subfield code="w">2021-12-09</subfield>
    <subfield code="y">BK</subfield>
  </datafield>
  <datafield tag="952" ind1=" " ind2=" ">
    <subfield code="0">0</subfield>
    <subfield code="1">0</subfield>
    <subfield code="2">ddc</subfield>
    <subfield code="4">0</subfield>
    <subfield code="7">0</subfield>
    <subfield code="8">NFIC</subfield>
    <subfield code="a">RUCL</subfield>
    <subfield code="b">RUCL</subfield>
    <subfield code="c">Stack</subfield>
    <subfield code="d">2013-07-06</subfield>
    <subfield code="e">Space Marketing Comm. , Dhaka</subfield>
    <subfield code="g">555.55</subfield>
    <subfield code="l">2</subfield>
    <subfield code="m">1</subfield>
    <subfield code="o">B 891.441092 PAR V-1 2011</subfield>
    <subfield code="r">2021-12-07 00:00:00</subfield>
    <subfield code="s">2021-11-04</subfield>
    <subfield code="t">C-4</subfield>
    <subfield code="w">2021-12-09</subfield>
    <subfield code="y">BK</subfield>
  </datafield>
  <datafield tag="952" ind1=" " ind2=" ">
    <subfield code="0">0</subfield>
    <subfield code="1">0</subfield>
    <subfield code="2">ddc</subfield>
    <subfield code="4">0</subfield>
    <subfield code="7">0</subfield>
    <subfield code="8">NFIC</subfield>
    <subfield code="a">RUCL</subfield>
    <subfield code="b">RUCL</subfield>
    <subfield code="c">Stack</subfield>
    <subfield code="d">1983-03-07</subfield>
    <subfield code="e">Tulip Enterprise, Dhaka</subfield>
    <subfield code="g">65.00</subfield>
    <subfield code="l">0</subfield>
    <subfield code="o">B 891.441092 PAR V-1 1982</subfield>
    <subfield code="r">2016-05-30 00:00:00</subfield>
    <subfield code="t">C-2</subfield>
    <subfield code="w">2016-05-30</subfield>
    <subfield code="y">BK</subfield>
  </datafield>
  <datafield tag="952" ind1=" " ind2=" ">
    <subfield code="0">0</subfield>
    <subfield code="1">0</subfield>
    <subfield code="2">ddc</subfield>
    <subfield code="4">0</subfield>
    <subfield code="7">0</subfield>
    <subfield code="8">NFIC</subfield>
    <subfield code="a">RUCL</subfield>
    <subfield code="b">RUCL</subfield>
    <subfield code="c">Stack</subfield>
    <subfield code="d">2013-07-07</subfield>
    <subfield code="e">Space maketing com.</subfield>
    <subfield code="g">555.55</subfield>
    <subfield code="l">0</subfield>
    <subfield code="o">B 891.441092 PAR V-8 2011</subfield>
    <subfield code="r">2017-02-19 00:00:00</subfield>
    <subfield code="t">C-3</subfield>
    <subfield code="w">2017-02-19</subfield>
    <subfield code="y">BK</subfield>
  </datafield>
  <datafield tag="952" ind1=" " ind2=" ">
    <subfield code="0">0</subfield>
    <subfield code="1">0</subfield>
    <subfield code="2">ddc</subfield>
    <subfield code="4">0</subfield>
    <subfield code="7">1</subfield>
    <subfield code="8">NFIC</subfield>
    <subfield code="a">RUCL</subfield>
    <subfield code="b">RUCL</subfield>
    <subfield code="c">Reading</subfield>
    <subfield code="d">1990-12-07</subfield>
    <subfield code="e">Uttorbanga Library : Rajshahi</subfield>
    <subfield code="g">126.00</subfield>
    <subfield code="l">0</subfield>
    <subfield code="o">B 891.441092 PAR V-4 2011</subfield>
    <subfield code="r">2017-03-04 00:00:00</subfield>
    <subfield code="t">C-1</subfield>
    <subfield code="w">2021-12-09</subfield>
    <subfield code="y">BK</subfield>
  </datafield>
</record>
